Supervision: principles and techniques.(3rd ed.) (Record no. 59114)

MARC details
000 -LEADER
fixed length control field 00532nam a2200145 a 4500
008 - FIXED-LENGTH DATA ELEMENTS--GENERAL INFORMATION
fixed length control field 120416s1974 ||||||||||||||||| || u
050 ## - LIBRARY OF CONGRESS CALL NUMBER
Classification number HF 5549 Yui
100 ## - MAIN ENTRY--PERSONAL NAME
Personal name Yuiel, Bruce Ford
245 10 - TITLE STATEMENT
Title Supervision: principles and techniques.(3rd ed.)
250 ## - EDITION STATEMENT
Edition statement 3rd. ed.
260 ## - PUBLICATION, DISTRIBUTION, ETC.
Place of publication, distribution, etc. Sydney
Name of publisher, distributor, etc. West Publishing corporation PTY Ltd
Date of publication, distribution, etc. 1974
300 ## - PHYSICAL DESCRIPTION
Extent ix, 300p. : ill
350 ## - PRICE (NR) (BK AM CF MU VM SE) [OBSOLETE]
Price 0.00
995 ## - RECOMMENDATION 995 [LOCAL, UNIMARC FRANCE]
-- 0.00
-- CBU-MAIN LIBRARY (Kitwe)
-- 1
-- 0.00
-- 1
-- DAMAGED
-- Main Library Open Access Collection
Holdings
Withdrawn status Lost status Source of classification or shelving scheme Damaged status Not for loan Home library Current library Shelving location Date acquired Total Checkouts Full call number Barcode Date last seen Price effective from Koha item type
          CBU-MAIN LIBRARY, KITWE. CBU-MAIN LIBRARY, KITWE.   11/30/2022   HF 5549 Yui 702204 11/30/2022 11/30/2022 MONOGRAPH